[Event "FIDE Online Olympiad"]
[Site "Chess.com"]
[Date "2020.08.08"]
[EventDate "2020.08.07"]
[Round "6"]
[Result "0-1"]
[White "Zozek Salah Mohammed Mohammed"]
[Black "Maroun Tomb"]
[WhiteElo "2258"]
[BlackElo "2177"]
[PlyCount "114"]

1. d4 d6 2. c4 Nf6 3. Nf3 Nbd7 4. g3 e5 5. Bg2 Be7 6. O-O O-O
7. Nc3 c6 8. e4 a6 9. Qe2 b5 10. dxe5 dxe5 11. cxb5 axb5
12. Rd1 b4 13. Nb1 Ba6 14. Qc2 Qc7 15. Nbd2 Bc5 16. Nb3 Bb6
17. Bg5 Bb5 18. Bf1 Bxf1 19. Kxf1 Ng4 20. Rd2 h6 21. Be7 Bxf2
22. Qd3 Bd4 23. Bxf8 Rxf8 24. Nbxd4 exd4 25. Qxd4 Nde5
26. Nxe5 Nxe5 27. Kg2 Qa5 28. a3 Ng4 29. Qxb4 Qa7 30. Qd4 c5
31. Qc3 Re8 32. h3 Nf6 33. e5 Ne4 34. Qd3 Nxd2 35. Qxd2 Qb7+
36. Kh2 Rxe5 37. Rf1 c4 38. Qg2 Qe7 39. Rf2 h5 40. Rc2 Re3
41. h4 Qe5 42. a4 Re4 43. Kh3 Qe6+ 44. Kh2 Qe5 45. Kh3 g5
46. hxg5 Qe6+ 47. Kh2 Qe5 48. Kh3 h4 49. Rc3 Qe6+ 50. g4 Re2
51. Qa8+ Kg7 52. Kxh4 Rxb2 53. Qf3 Qe1+ 54. Kh3 Rf2 55. Qg3
Qf1+ 56. Kh4 Qh1+ 57. Qh3 Rh2 0-1

[Event "FIDE Online Olympiad"]
[Site "Chess.com"]
[Date "2020.08.08"]
[EventDate "2020.08.07"]
[Round "6"]
[Result "0-1"]
[White "Elena Nekrasova"]
[Black "Sali Abbas Abdulzahra A-ALI"]
[WhiteElo "1920"]
[BlackElo "1749"]
[PlyCount "78"]

1. e4 e6 2. d4 d5 3. Nd2 dxe4 4. Nxe4 Nd7 5. Bd3 Ngf6 6. Ng3
Be7 7. Nf3 O-O 8. O-O c5 9. c4 cxd4 10. Nxd4 Ne5 11. Be2 a6
12. Be3 Qc7 13. Qc2 Ng6 14. f4 e5 15. fxe5 Qxe5 16. Ndf5 Bc5
17. Bxc5 Qxc5+ 18. Kh1 Bd7 19. Bf3 Bc6 20. Bxc6 Qxc6 21. Rad1
h6 22. Rd6 Qc7 23. Nxh6+ Kh7 24. Nhf5 Rh8 25. c5 Kg8 26. Kg1
Rc8 27. b4 b6 28. Nxg7 Qxd6 29. Qb2 bxc5 30. Rxf6 Qd4+
31. Qxd4 cxd4 32. N7f5 Rc1+ 33. Kf2 Rxh2 34. Rd6 Rc2+ 35. Kf3
Rhxg2 36. Rxd4 Rxa2 37. Rd8+ Kh7 38. Nh5 Ne5+ 39. Ke4 Rae2+
0-1

[Event "FIDE Online Olympiad"]
[Site "Chess.com"]
[Date "2020.08.08"]
[EventDate "2020.08.07"]
[Round "6"]
[Result "0-1"]
[White "Jawad Farhat"]
[Black "Jaza Jamal Ahmed"]
[WhiteElo "1693"]
[BlackElo "1980"]
[PlyCount "56"]

1. c4 Nf6 2. Nc3 g6 3. g3 Bg7 4. Bg2 O-O 5. e3 d6 6. Nge2 c5
7. O-O Nc6 8. d3 Bd7 9. Rb1 Rb8 10. a3 a6 11. b4 cxb4 12. axb4
b5 13. cxb5 axb5 14. d4 Qb6 15. Nf4 Rfc8 16. Ncd5 Nxd5
17. Nxd5 Qd8 18. Bd2 e5 19. Bc3 Be6 20. dxe5 dxe5 21. Ba1 f5
22. Qd2 Qf8 23. Rfd1 Qf7 24. Rbc1 e4 25. Bxg7 Qxg7 26. Rc5 Ne5
27. Qd4 Nd3 28. Rxc8+ Rxc8 0-1

[Event "FIDE Online Olympiad"]
[Site "Chess.com"]
[Date "2020.08.08"]
[EventDate "2020.08.07"]
[Round "6"]
[Result "0-1"]
[White "Sabah Noori Nihad"]
[Black "Nour Assoum"]
[WhiteElo "1260"]
[BlackElo "1400"]
[PlyCount "70"]

1. e4 e5 2. Nf3 Nc6 3. Bc4 Bc5 4. Nc3 Nf6 5. d3 O-O 6. Bg5 h6
7. Be3 d6 8. Qd2 Nd4 9. h4 Ng4 10. O-O-O a6 11. Nh2 b5 12. Bb3
a5 13. a3 b4 14. axb4 axb4 15. Na4 Bd7 16. Bxd4 Bxd4 17. Qxb4
Nxf2 18. Rhf1 Nxd1 19. Kxd1 Qxh4 20. Nf3 Bg4 21. Kd2 Bxf3
22. Rxf3 Qg5+ 23. Kd1 Qxg2 24. Rf5 Bxb2 25. Bxf7+ Kh8 26. Qxb2
Rfb8 27. Bb3 Rxa4 28. Qc3 Qg1+ 29. Ke2 Ra1 30. Qd2 Qg4+
31. Ke3 Qg3+ 32. Ke2 Rg1 33. Rf2 Qg4+ 34. Ke3 Rg3+ 35. Rf3
Qxf3# 0-1

[Event "FIDE Online Olympiad"]
[Site "Chess.com"]
[Date "2020.08.08"]
[EventDate "2020.08.07"]
[Round "6"]
[Result "0-1"]
[White "Manunthon Atikankhotchasee"]
[Black "Oana Caruana Pulpan"]
[WhiteElo "1549"]
[BlackElo "1873"]
[PlyCount "72"]

1. d4 f5 2. Bg5 h6 3. Bf4 Nf6 4. Nf3 d5 5. Ne5 g5 6. Bc1 Bg7
7. Ng6 Rg8 8. e3 Nc6 9. c4 Be6 10. cxd5 Nxd5 11. Bb5 Qd6
12. Ne5 Bxe5 13. Bxc6+ Qxc6 14. dxe5 O-O-O 15. Nd2 Nb4 16. O-O
Bc4 17. Re1 Bd3 18. a4 Nc2 19. Ra3 Nxa3 20. bxa3 Be4 21. f3
Bc2 22. Qe2 Bxa4 23. Bb2 Qc2 24. Bc1 Rd3 25. Nf1 Qxe2 26. Rxe2
Rd1 27. Bb2 Bb5 28. Rf2 Rxf1+ 29. Rxf1 Bxf1 30. Kxf1 Rd8
31. Bd4 e6 32. a4 Rd5 33. Kf2 Ra5 34. Kg3 Rxa4 35. h4 gxh4+
36. Kxh4 c5 0-1

[Event "FIDE Online Olympiad"]
[Site "Chess.com"]
[Date "2020.08.08"]
[EventDate "2020.08.07"]
[Round "6"]
[Result "0-1"]
[White "Prin Laohawirapap"]
[Black "Jack Mizzi"]
[WhiteElo "1834"]
[BlackElo "1543"]
[PlyCount "90"]

1. e4 c6 2. d4 d5 3. exd5 cxd5 4. Bd3 Nc6 5. c3 Nf6 6. Bf4 Bg4
7. Qb3 Qc8 8. Nd2 e6 9. Ngf3 Be7 10. O-O O-O 11. Rae1 Bh5
12. Qc2 Bg6 13. Bxg6 hxg6 14. Qd3 Nh5 15. Bg5 Bd6 16. Ne5 Qe8
17. g4 Nf6 18. f4 Nh7 19. Bh4 Bxe5 20. fxe5 g5 21. Bg3 Ne7
22. Kg2 Ng6 23. Nf3 Qe7 24. Rh1 Nh4+ 25. Bxh4 gxh4 26. Qe3 g5
27. Rhf1 Rae8 28. Ng1 f5 29. exf6 Rxf6 30. Rxf6 Qxf6 31. Rf1
Qg6 32. Nf3 Rf8 33. Re1 Rf4 34. Qxe6+ Qxe6 35. Rxe6 Rxg4+
36. Kf2 h3 37. Re8+ Kg7 38. Re7+ Kg8 39. Ne1 Nf6 40. Rxb7 Ne4+
41. Kf1 Rf4+ 42. Kg1 Nd2 43. Rb8+ Kg7 44. Rb7+ Kg6 45. Rf7
Kxf7 0-1

[Event "FIDE Online Olympiad"]
[Site "Chess.com"]
[Date "2020.08.08"]
[EventDate "2020.08.07"]
[Round "6"]
[Result "0-1"]
[White "Milena Stagno"]
[Black "Sarocha Chuemsakul"]
[WhiteElo "1309"]
[BlackElo "1694"]
[PlyCount "60"]

1. e4 c6 2. d4 d5 3. exd5 cxd5 4. c4 dxc4 5. Bxc4 e6 6. Nc3
Nf6 7. Nf3 Be7 8. O-O O-O 9. Be3 Nc6 10. Qd2 b6 11. Rfd1 Bb7
12. a3 Na5 13. Be2 Nb3 14. Qc2 Nxa1 15. Rxa1 Rc8 16. Qd3 Qc7
17. Rc1 Qb8 18. Ne5 Rfd8 19. Bg5 h6 20. Bh4 a6 21. Bf3 Bxf3
22. Qxf3 Qa8 23. Qf4 Qb7 24. Rd1 Rf8 25. Qf3 Qxf3 26. Nxf3 g5
27. Bg3 Rfd8 28. Be5 Ng4 29. Bg3 b5 30. b4 Rxc3 0-1

[Event "FIDE Online Olympiad"]
[Site "Chess.com"]
[Date "2020.08.08"]
[EventDate "2020.08.07"]
[Round "6"]
[Result "0-1"]
[White "Sameer Mansour"]
[Black "Bart Michiels"]
[WhiteElo "2239"]
[BlackElo "2550"]
[PlyCount "86"]

1. Nf3 d5 2. g3 Nf6 3. Bg2 e6 4. O-O Be7 5. d3 c5 6. Nbd2 Nc6
7. e4 b6 8. Re1 Bb7 9. c3 Qc7 10. a3 Rd8 11. e5 Nd7 12. d4 a5
13. Nf1 Ba6 14. h4 h6 15. N1h2 Rc8 16. Bf4 b5 17. Bf1 Qb7
18. Ng4 Nb6 19. dxc5 Bxc5 20. b4 Be7 21. Rc1 Nc4 22. Nd4 Nxa3
23. Nxc6 Rxc6 24. bxa5 Qc7 25. Qf3 Bb7 26. Bg2 Qxa5 27. h5 Nc4
28. Ne3 Bg5 29. Nc2 Nd2 30. Qg4 Nb3 31. Bxg5 hxg5 32. Qxg5
Nxc1 33. Rxc1 Qxc3 34. Qxg7 Rxh5 35. Ra1 Qxc2 36. Qg8+ Ke7
37. Qg4 Rxe5 38. Qh4+ Kd7 39. Ra7 Re1+ 40. Kh2 Rc7 41. Qf6
Qh7+ 42. Bh3 Rh1+ 43. Kxh1 Qxh3+ 0-1

[Event "FIDE Online Olympiad"]
[Site "Chess.com"]
[Date "2020.08.08"]
[EventDate "2020.08.07"]
[Round "6"]
[Result "0-1"]
[White "Sarah Snoeck"]
[Black "Ghayda M Alattar"]
[WhiteElo "1644"]
[BlackElo "1950"]
[PlyCount "40"]

1. e4 d6 2. d4 Nf6 3. Nc3 g6 4. Nf3 Bg7 5. Bd3 Nbd7 6. O-O e5
7. dxe5 dxe5 8. Bg5 c6 9. a4 O-O 10. Nd2 Qc7 11. f4 exf4
12. Nc4 Nh5 13. Qd2 b5 14. axb5 cxb5 15. Na5 Qc5+ 16. Kh1 Qxg5
17. Nxb5 a6 18. Nd6 Ng3+ 19. Kg1 Nxf1 20. Rxf1 Qc5+ 0-1

[Event "FIDE Online Olympiad"]
[Site "Chess.com"]
[Date "2020.08.08"]
[EventDate "2020.08.07"]
[Round "6"]
[Result "0-1"]
[White "Malek Saif"]
[Black "Warre De Waele"]
[WhiteElo "1969"]
[BlackElo "2238"]
[PlyCount "116"]

1. e4 c5 2. Nf3 d6 3. d4 cxd4 4. Nxd4 Nf6 5. Nc3 a6 6. Be2 e5
7. Nb3 Be7 8. O-O O-O 9. f4 b5 10. a3 Bb7 11. Bf3 Nbd7 12. Qe1
Rc8 13. Kh1 Re8 14. Be3 Bf8 15. Rd1 d5 16. fxe5 Nxe5 17. Bg5
h6 18. Bxf6 Qxf6 19. Bg4 Nxg4 20. Rxf6 Nxf6 21. Qf2 dxe4
22. Qb6 Ba8 23. Qxa6 b4 24. axb4 Bxb4 25. Nd4 e3 26. Nce2 Ne4
27. Kg1 Bd2 28. Ra1 Bd5 29. b3 Ra8 30. c4 Rxa6 31. Rxa6 Ra8
32. Rxa8+ Bxa8 33. Kf1 Nc3 34. g3 Nxe2 35. Kxe2 Kf8 36. Nf5 g6
37. Nxe3 Bxe3 38. Kxe3 Ke7 39. Kd4 Kd6 40. b4 Bh1 41. b5 h5
42. c5+ Kc7 43. Ke5 Bf3 44. Kf6 Bd5 45. Ke7 Be6 46. Ke8 g5
47. Ke7 h4 48. Kf6 hxg3 49. hxg3 g4 50. Ke7 Bc4 51. Kf6 Bxb5
52. Kxf7 Kc6 53. Kf6 Kxc5 54. Kg5 Bd7 55. Kf4 Kd4 56. Kg5 Ke3
57. Kh5 Kf3 58. Kh4 Bc8 0-1

[Event "FIDE Online Olympiad"]
[Site "Chess.com"]
[Date "2020.08.09"]
[EventDate "2020.08.07"]
[Round "7"]
[Result "0-1"]
[White "Bart Michiels"]
[Black "Fy Antenaina Rakotomaharo"]
[WhiteElo "2550"]
[BlackElo "2370"]
[PlyCount "88"]

1. c4 e5 2. Nc3 Bb4 3. Qc2 Bxc3 4. Qxc3 d6 5. e3 Ne7 6. Nf3
O-O 7. d3 c5 8. b3 Nbc6 9. Bb2 b6 10. Be2 d5 11. cxd5 Nxd5
12. Qc2 Ndb4 13. Qc3 Nd5 14. Qd2 f6 15. O-O Be6 16. Rfd1 Qd7
17. a3 a5 18. Qc2 Rfc8 19. Nd2 Qa7 20. Nc4 Rd8 21. Bf3 Rac8
22. Rac1 Nde7 23. h3 Rc7 24. Nd2 Rcd7 25. Ne4 a4 26. bxa4 Na5
27. Nd2 Qa6 28. Be2 e4 29. Nxe4 Bb3 30. Qc3 Nd5 31. Qe1 Bxd1
32. Rxd1 Nb3 33. Rb1 Qxa4 34. Bd1 c4 35. dxc4 Qxc4 36. Bxb3
Qxe4 37. Rd1 Kh8 38. Rd4 Qe7 39. Qb1 Nxe3 40. Re4 Rd1+
41. Bxd1 Qxe4 42. Qxe4 Rxd1+ 43. Kh2 Nf1+ 44. Kg1 Ng3+ 0-1

[Event "FIDE Online Olympiad"]
[Site "Chess.com"]
[Date "2020.08.09"]
[EventDate "2020.08.07"]
[Round "7"]
[Result "0-1"]
[White "Mananihaja Charly Rajerison"]
[Black "Lennert Lenaerts"]
[WhiteElo "1684"]
[BlackElo "2350"]
[PlyCount "74"]

1. e4 e5 2. Nf3 Nc6 3. Bc4 Bc5 4. O-O Nf6 5. d4 Bxd4 6. Nxd4
Nxd4 7. f4 d6 8. fxe5 dxe5 9. Bg5 Qe7 10. Na3 Be6 11. Bxf6
gxf6 12. c3 Bxc4 13. Nxc4 Qc5 14. cxd4 Qxc4 15. dxe5 fxe5
16. Qh5 Qd4+ 17. Kh1 O-O-O 18. Rac1 Rd7 19. Rfd1 Qa4 20. Rxd7
Qxd7 21. Qxe5 Rd8 22. h3 c6 23. Qc5 Kb8 24. Qe5+ Kc8 25. Rf1
Re8 26. Qg7 Rxe4 27. Rxf7 Re1+ 28. Kh2 Qd6+ 29. Qg3 Rh1+
30. Kxh1 Qxg3 31. Rxh7 Qe1+ 32. Kh2 Qe5+ 33. Kh1 Qxb2 34. Rf7
c5 35. g4 c4 36. g5 c3 37. g6 c2 0-1

[Event "FIDE Online Olympiad"]
[Site "Chess.com"]
[Date "2020.08.09"]
[EventDate "2020.08.07"]
[Round "7"]
[Result "0-1"]
[White "Annelies Cuvelier"]
[Black "Sabine Ravelomanana"]
[WhiteElo "1696"]
[BlackElo "1802"]
[PlyCount "78"]

1. e4 e5 2. Nf3 Nc6 3. Bb5 a6 4. Ba4 Nf6 5. O-O Be7 6. Re1 b5
7. Bb3 d6 8. c3 O-O 9. h3 Nb8 10. d4 Nbd7 11. a4 Bb7 12. Bc2
Re8 13. Nbd2 Bf8 14. d5 c6 15. dxc6 Bxc6 16. Nf1 Qc7 17. Ng3
g6 18. axb5 axb5 19. Rxa8 Rxa8 20. Be3 Nc5 21. Bg5 Bg7 22. Nd2
Ne6 23. Be3 d5 24. exd5 Nxd5 25. Bb3 Nxe3 26. Rxe3 Nf4 27. Nf3
Rd8 28. Qe1 Qb7 29. Ne2 Nxh3+ 30. Kh2 Bxf3 31. gxf3 Ng5
32. Ng1 Qd7 33. Kg2 Ne6 34. Nh3 h6 35. Bxe6 Qxe6 36. Nf4 Qf5
37. Nh3 h5 38. Qe2 Qd7 39. Qxb5 Qxb5 0-1

[Event "FIDE Online Olympiad"]
[Site "Chess.com"]
[Date "2020.08.09"]
[EventDate "2020.08.07"]
[Round "7"]
[Result "0-1"]
[White "Christine Razafindrabiaza"]
[Black "Diana Musabayeva"]
[WhiteElo "1562"]
[BlackElo "1517"]
[PlyCount "146"]

1. d4 Nf6 2. c4 e6 3. Nc3 Bb4 4. Bd2 O-O 5. Nf3 b6 6. e3 Bb7
7. Be2 Re8 8. O-O Bf8 9. h3 d6 10. Re1 e5 11. dxe5 dxe5
12. Qc2 Nbd7 13. Rad1 Qe7 14. a3 a6 15. Bc1 Rad8 16. Nd2 g6
17. Nde4 Bg7 18. b3 Nc5 19. Bf3 Nfxe4 20. Nxe4 f5 21. Nxc5
Bxf3 22. Rxd8 Rxd8 23. Nxa6 Be4 24. Qa2 c5 25. b4 Qa7 26. b5
Bb7 27. Qe2 Bxa6 28. bxa6 Qxa6 29. f3 Qa4 30. Qb2 Qa5 31. Rf1
e4 32. Qe2 exf3 33. Qxf3 Qc3 34. Qc6 Qf6 35. Qf3 Bh6 36. Rd1
Rxd1+ 37. Qxd1 Qe6 38. Qd3 Qe4 39. Qd8+ Kf7 40. Qxb6 Bxe3+
41. Bxe3 Qxe3+ 42. Kh2 Qf4+ 43. Kg1 Qxc4 44. Qc7+ Kf6 45. Qd8+
Kg7 46. Qd7+ Kh6 47. Qd2+ Kg7 48. Qd7+ Qf7 49. Qd3 c4 50. Qc3+
Kg8 51. a4 Qa7+ 52. Kh2 Qxa4 53. Qf6 Qd7 54. Qa6 Qc7+ 55. Kh1
c3 56. Qe6+ Kg7 57. Qe1 c2 58. Qa1+ Kf7 59. Qa2+ Kg7 60. Qa1+
Kh6 61. Qc1+ Kh5 62. g3 Qxg3 63. Qxc2 Qxh3+ 64. Kg1 Qg3+
65. Kh1 Qf3+ 66. Kg1 Qe3+ 67. Kh1 Qe4+ 68. Qxe4 fxe4 69. Kg2
Kg4 70. Kf2 Kf4 71. Kf1 Kf3 72. Ke1 Ke3 73. Kf1 Kd2 0-1

[Event "FIDE Online Olympiad"]
[Site "Chess.com"]
[Date "2020.08.09"]
[EventDate "2020.08.07"]
[Round "7"]
[Result "0-1"]
[White "Grace Gloria Ramarolafy"]
[Black "Tyani De Rycke"]
[WhiteElo "1174"]
[BlackElo "1924"]
[PlyCount "44"]

1. e4 c5 2. Nc3 e6 3. f4 Nc6 4. Bb5 a6 5. Bxc6 bxc6 6. Nf3 d5
7. d3 Nf6 8. O-O Be7 9. Qe1 O-O 10. Qg3 c4 11. b3 cxd3
12. cxd3 c5 13. Ne2 dxe4 14. dxe4 Nxe4 15. Qe1 Bf6 16. Rb1 Bb7
17. Ng3 Nc3 18. Bb2 Nxb1 19. Bxf6 Qxf6 20. Qxb1 Qxf4 21. Qc2
Bxf3 22. Rxf3 Qd4+ 0-1

[Event "FIDE Online Olympiad"]
[Site "Chess.com"]
[Date "2020.08.09"]
[EventDate "2020.08.07"]
[Round "7"]
[Result "0-1"]
[White "Oana Caruana Pulpan"]
[Black "Alshaeby Boshra"]
[WhiteElo "1873"]
[BlackElo "1978"]
[PlyCount "146"]

1. d4 Nf6 2. Nf3 g6 3. g3 Bg7 4. Bg2 O-O 5. O-O d6 6. c4 Nc6
7. Nc3 a6 8. b3 Rb8 9. Re1 b5 10. cxb5 axb5 11. Bb2 b4 12. Nb1
Na7 13. d5 Bb7 14. e4 c6 15. dxc6 Bxc6 16. Nbd2 Nb5 17. Nd4
Bd7 18. Nxb5 Bxb5 19. Nf1 Qa5 20. Ne3 Rfc8 21. Bh3 e6 22. Bg2
Qa6 23. Qd2 Bd3 24. e5 dxe5 25. Bxe5 Nd7 26. Bxg7 Kxg7 27. Bf1
Bxf1 28. Rxf1 Nc5 29. Qd4+ f6 30. Nc4 e5 31. Qd6 Qxd6 32. Nxd6
Rd8 33. Rfd1 Ne6 34. Kg2 Nd4 35. Nc4 Kf7 36. Rd2 Ke6 37. Rad1
Ra8 38. f4 Ra6 39. Re1 Rd5 40. fxe5 fxe5 41. h3 Rc5 42. Rf1
Kd5 43. Re1 Re6 44. Ne3+ Kc6 45. Nc4 Kd5 46. Ne3+ Kd6 47. Nc4+
Ke7 48. Rf2 Rc8 49. Ref1 Nf5 50. g4 Nd6 51. Nxd6 Kxd6 52. Rd1+
Ke7 53. Rfd2 e4 54. Rd7+ Kf6 55. Rf1+ Ke5 56. Rd2 e3 57. Re2
Rc3 58. Rfe1 Ke4 59. Kg3 Rf6 60. Kg2 Rf4 61. Kg3 Rf3+ 62. Kg2
Rf7 63. Kg3 Rd7 64. Kg2 Rdd3 65. Kg3 Rc5 66. Kg2 Rc6 67. Kg3
Kd4 68. Kg2 Rd2 69. Kg3 Rxe2 70. Rxe2 Kd3 71. Re1 Kd2 72. Rg1
e2 73. Rg2 Kd1 0-1

[Event "FIDE Online Olympiad"]
[Site "Chess.com"]
[Date "2020.08.09"]
[EventDate "2020.08.07"]
[Round "7"]
[Result "0-1"]
[White "Jack Mizzi"]
[Black "Sameer Loay"]
[WhiteElo "1543"]
[BlackElo "2050"]
[PlyCount "60"]

1. d4 d6 2. c4 e5 3. d5 f5 4. g3 Nf6 5. Bg2 g6 6. Nc3 Bg7
7. Nh3 h6 8. O-O O-O 9. Qc2 a5 10. a3 g5 11. f4 exf4 12. gxf4
g4 13. Nf2 Na6 14. e4 fxe4 15. Ncxe4 Nxe4 16. Bxe4 Nc5 17. Be3
Nxe4 18. Qxe4 Bf5 19. Qg2 Qd7 20. Nh1 Rae8 21. Bc1 Bd4+
22. Nf2 Re2 23. Kh1 Rfe8 24. Be3 R8xe3 25. Rad1 Be4 26. Nxe4
Rxg2 27. Rxd4 Ree2 28. Rf2 Rgxf2 29. Nf6+ Kf7 30. Nxd7 Rf1#
0-1

[Event "FIDE Online Olympiad"]
[Site "Chess.com"]
[Date "2020.08.09"]
[EventDate "2020.08.07"]
[Round "7"]
[Result "0-1"]
[White "Alnasser Tala"]
[Black "Milena Stagno"]
[WhiteElo "1077"]
[BlackElo "1309"]
[PlyCount "160"]

1. d4 d5 2. Nf3 Nf6 3. Bg5 e6 4. e3 Nbd7 5. c3 c5 6. Bd3 Bd6
7. Nbd2 O-O 8. Rc1 c4 9. Bb1 h6 10. Bh4 b5 11. Qc2 Qc7 12. e4
dxe4 13. Nxe4 Nxe4 14. Qxe4 g6 15. Bg3 Nb6 16. Qh4 Kg7
17. Be5+ Bxe5 18. Nxe5 Nd7 19. f4 Nxe5 20. fxe5 Qd8 21. Qe4
Qg5 22. O-O Rb8 23. Qf4 Qxf4 24. Rxf4 Bb7 25. Rcf1 Bd5 26. h4
Rb7 27. Be4 Bxe4 28. Rxe4 b4 29. Re2 a5 30. Kh2 b3 31. axb3
Rxb3 32. Ra1 Ra8 33. Kg3 a4 34. Kf4 a3 35. bxa3 Raxa3 36. Rxa3
Rxa3 37. Rc2 Kh7 38. g4 Kg7 39. Ke3 Rb3 40. Kd2 Ra3 41. Rb2 h5
42. g5 Ra4 43. Kc2 Ra3 44. Rb4 Ra2+ 45. Rb2 Ra4 46. Kb1 Ra8
47. Rb4 Rc8 48. Kb2 Rc7 49. Ka3 Ra7+ 50. Ra4 Rb7 51. Rxc4 Ra7+
52. Ra4 Rc7 53. c4 Kf8 54. Kb3 Ke7 55. Ra5 Rb7+ 56. Rb5 Rd7
57. d5 exd5 58. cxd5 Ra7 59. Kb4 Ra1 60. Kc5 Rc1+ 61. Kb6 Rc4
62. Rc5 Rb4+ 63. Kc6 Rd4 64. d6+ Ke6 65. Kc7 Ra4 66. Kb6 Rxh4
67. Rc7 Rd4 68. Kb7 h4 69. Kc8 h3 70. d7 h2 71. d8=Q Rxd8+
72. Kxd8 h1=Q 73. Re7+ Kf5 74. Rxf7+ Kxe5 75. Re7+ Kf5
76. Rf7+ Kxg5 77. Re7 Qd5+ 78. Ke8 Kf4 79. Rf7+ Qxf7+ 80. Kxf7
g5 0-1

[Event "FIDE Online Olympiad"]
[Site "Chess.com"]
[Date "2020.08.09"]
[EventDate "2020.08.07"]
[Round "7"]
[Result "0-1"]
[White "Jaza Jamal Ahmed"]
[Black "Prin Laohawirapap"]
[WhiteElo "1980"]
[BlackElo "1834"]
[PlyCount "98"]

1. e4 c5 2. Nf3 Nc6 3. d4 cxd4 4. Nxd4 g6 5. Nc3 Bg7 6. Be3
Nf6 7. Bc4 O-O 8. Bb3 Re8 9. f3 e6 10. Qd2 d5 11. exd5 Nxd5
12. Nxd5 Nxd4 13. Nc3 Nxb3 14. axb3 Bd7 15. O-O Qc7 16. Rfd1
Bc6 17. Qf2 b6 18. Bd4 e5 19. Be3 Rad8 20. b4 f5 21. b5 Ba8
22. f4 exf4 23. Bxf4 Qb7 24. h4 Bd4 25. Rxd4 Rxd4 26. Bg3 Rg4
27. Ne2 Qxg2+ 28. Qxg2 Bxg2 29. Kxg2 Rxe2+ 30. Kf3 Re7 31. c3
Rge4 32. Bf2 R4e5 33. c4 Re4 34. b3 Rd7 35. c5 Rd3+ 36. Kg2
bxc5 37. Bxc5 Rxb3 38. Bxa7 Rxb5 39. Bf2 Rb2 40. Kf3 Rxf2+
41. Kxf2 Rxh4 42. Kg3 Re4 43. Ra7 Re8 44. Kf4 Rf8 45. Kg5 Rf7
46. Ra8+ Kg7 47. Ra4 h6+ 48. Kf4 g5+ 49. Ke5 f4 0-1

[Event "FIDE Online Olympiad"]
[Site "Chess.com"]
[Date "2020.08.09"]
[EventDate "2020.08.07"]
[Round "7"]
[Result "0-1"]
[White "Maroun Tomb"]
[Black "Perparim Makoli"]
[WhiteElo "2177"]
[BlackElo "2270"]
[PlyCount "126"]

1. e4 c5 2. Ne2 e6 3. g3 Nc6 4. Bg2 Nf6 5. O-O h5 6. h3 d5
7. exd5 Nxd5 8. Nbc3 Nxc3 9. bxc3 Be7 10. d3 O-O 11. Be3 Na5
12. Rb1 Bd7 13. Nf4 g6 14. Re1 Qc7 15. c4 Bc6 16. Bd2 Bxg2
17. Kxg2 Nc6 18. Bc3 Rfd8 19. Re4 Nd4 20. Bxd4 cxd4 21. Qf3
Rab8 22. g4 h4 23. Rb5 a6 24. Rb1 b5 25. Ne2 Qc5 26. Qf4 Bg5
27. Qf3 Rbc8 28. Kg1 Rc7 29. Qg2 bxc4 30. f4 cxd3 31. cxd3 Bf6
32. f5 exf5 33. gxf5 Qxf5 34. Rf1 Qg5 35. Rg4 Qe3+ 36. Kh1 Bg7
37. Nf4 Rc1 38. Rxc1 Qxc1+ 39. Qg1 Rc8 40. Nd5 Qc6 41. Qg2 Qe6
42. Qe4 Qxe4+ 43. Rxe4 Rc1+ 44. Kg2 Rd1 45. Nb4 a5 46. Nc6
Rxd3 47. Nxa5 Rg3+ 48. Kh2 Ra3 49. Nc6 Rxa2+ 50. Kg1 d3
51. Re8+ Kh7 52. Rd8 d2 53. Kf1 Ra1+ 54. Ke2 Bh6 55. Rxd2 Bxd2
56. Kxd2 Rh1 57. Ne5 Kg7 58. Ke2 Rxh3 59. Kf2 Ra3 60. Kg2 f6
61. Ng4 g5 62. Kh2 Kg6 63. Nf2 Ra2 0-1

[Event "FIDE Online Olympiad"]
[Site "Chess.com"]
[Date "2020.08.09"]
[EventDate "2020.08.07"]
[Round "7"]
[Result "0-1"]
[White "Nour Assoum"]
[Black "Ndriqona Saraci"]
[WhiteElo "1400"]
[BlackElo "1225"]
[PlyCount "146"]

1. e4 c5 2. Nf3 e6 3. d4 cxd4 4. Nxd4 a6 5. Nc3 Qc7 6. Be2 Nc6
7. Be3 Be7 8. a3 Nf6 9. Bf3 e5 10. Nd5 Nxd5 11. exd5 Nxd4
12. Bxd4 exd4 13. Qxd4 Bf6 14. Qb4 d6 15. Qe4+ Qe7 16. Qxe7+
Bxe7 17. O-O O-O 18. Rfe1 Bf6 19. Rab1 Bf5 20. Be4 Bxe4
21. Rxe4 Rac8 22. c3 h6 23. Rbe1 Be5 24. f4 Bf6 25. R1e3 g6
26. Rh3 h5 27. Ree3 Rfe8 28. Reg3 Re1+ 29. Kf2 Rce8 30. Re3
R1xe3 31. Rxe3 Rxe3 32. Kxe3 Kg7 33. Kd3 b6 34. h3 Bh4 35. b3
Kf6 36. Ke3 Kf5 37. Kf3 Be1 38. g4+ hxg4+ 39. hxg4+ Kf6 40. c4
g5 41. fxg5+ Kxg5 42. b4 Bc3 43. Ke3 Kxg4 44. c5 dxc5 45. d6
cxb4 46. d7 Bf6 47. axb4 Bh4 48. Kd4 f5 49. Kd5 Bd8 50. Kc6 f4
51. Kb7 a5 52. Kc8 Bg5 53. b5 f3 54. d8=Q Bxd8 55. Kxd8 f2
56. Kc7 f1=Q 57. Kxb6 a4 58. Ka5 a3 59. b6 a2 60. b7 a1=Q+
61. Kb6 Qab1+ 62. Kc7 Qxb7+ 63. Kxb7 Qf6 64. Kc7 Kg5 65. Kd7
Kf5 66. Kc7 Ke5 67. Kd7 Qe6+ 68. Kc7 Kd5 69. Kb7 Kc5 70. Kc7
Qd6+ 71. Kb7 Qd7+ 72. Ka6 Qb5+ 73. Ka7 Kc6 0-1

[Event "FIDE Online Olympiad"]
[Site "Chess.com"]
[Date "2020.08.09"]
[EventDate "2020.08.07"]
[Round "7"]
[Result "0-1"]
[White "Olivia Smith"]
[Black "Lorita Mwango"]
[WhiteElo "1957"]
[BlackElo "1874"]
[PlyCount "141"]

1. e4 c6 2. d3 d5 3. Nd2 g6 4. Ngf3 Bg7 5. g3 Bg4 6. Bg2 Nf6
7. h3 Bxf3 8. Qxf3 e6 9. O-O O-O 10. e5 Nfd7 11. d4 Qb6 12. c3
c5 13. Nb3 cxd4 14. cxd4 Nc6 15. Be3 Rac8 16. Qe2 Nb4 17. Nc5
Rc7 18. a3 Nc6 19. b4 a6 20. f4 Rfc8 21. g4 Nxc5 22. bxc5 Qa5
23. f5 b6 24. Rfc1 bxc5 25. f6 Bf8 26. dxc5 Na7 27. Qf2 Rxc5
28. Re1 Rc2 29. Qh4 Nb5 30. a4 Nc3 31. Bh6 Qd8 32. Kh1 Bxh6
33. Qxh6 Qf8 34. Qe3 Na2 35. Qd3 Nb4 36. Qe3 h6 37. Rec1 Kh7
38. h4 Qc5 39. Qxc5 R8xc5 40. Rxc2 Rxc2 41. h5 Re2 42. Rc1 Nd3
43. Rc7 Nxe5 44. hxg6+ Kxg6 45. Bf1 Re4 46. Bxa6 Rxa4 47. Be2
Kxf6 48. Rc3 Nxg4 49. Kg2 Ne5 50. Bh5 Kg5 51. Be2 h5 52. Re3
Ng4 53. Rb3 e5 54. Rb7 f5 55. Rb5 Ra2 56. Kf1 Rd2 57. Ra5 h4
58. Ra8 h3 59. Rg8+ Kf4 60. Rh8 Kg3 61. Ke1 Rxe2+ 62. Kxe2 Kg2
63. Rh5 h2 64. Rxf5 h1=Q 65. Rxe5 Nxe5 66. Ke3 Qe1+ 67. Kd4
Qe4+ 68. Kc5 d4 69. Kb5 d3 70. Kc5 d2 71. Kb6 0-1

[Event "FIDE Online Olympiad"]
[Site "Chess.com"]
[Date "2020.08.09"]
[EventDate "2020.08.07"]
[Round "7"]
[Result "0-1"]
[White "Ifan Rathbone-Jones"]
[Black "Chola Musonda"]
[WhiteElo "1679"]
[BlackElo "2044"]
[PlyCount "74"]

1. d4 Nf6 2. Bf4 c5 3. e3 b6 4. Nf3 d6 5. Nbd2 g6 6. c4 cxd4
7. exd4 Bg7 8. Bd3 O-O 9. O-O Bb7 10. Re1 Nbd7 11. b4 e5
12. dxe5 Nxe5 13. Bxe5 dxe5 14. Nxe5 Nd7 15. Nef3 Bxa1
16. Qxa1 Qf6 17. Qb1 Rfe8 18. Ne4 Bxe4 19. Bxe4 Rad8 20. Bd5
Ne5 21. Nd2 Qf4 22. Ne4 Ng4 23. g3 Qf5 24. Qb2 Rxd5 25. cxd5
Rxe4 26. Rc1 Re8 27. Qd4 Ne5 28. Kg2 Qf3+ 29. Kg1 Qe2 30. Kg2
Nf3 31. Qf4 Ne1+ 32. Kh3 Nd3 33. Qg5 Nxf2+ 34. Kh4 Re4+
35. Qf4 Rxf4+ 36. Kg5 Nh3+ 37. Kh6 Qh5# 0-1

[Event "FIDE Online Olympiad"]
[Site "Chess.com"]
[Date "2020.08.09"]
[EventDate "2020.08.07"]
[Round "8"]
[Result "0-1"]
[White "Sabine Ravelomanana"]
[Black "Lorita Mwango"]
[WhiteElo "1802"]
[BlackElo "1874"]
[PlyCount "118"]

1. e4 c6 2. d4 d5 3. exd5 cxd5 4. c4 Nf6 5. Nc3 Nc6 6. Nf3 e6
7. Bd3 Be7 8. Bf4 a6 9. c5 Qa5 10. O-O Qb4 11. Be3 Bd7 12. a3
Qa5 13. b4 Qc7 14. Na4 O-O 15. Nb6 Ra7 16. Qd2 Nb8 17. Ne5 Be8
18. Bf4 Qd8 19. Bc2 Nbd7 20. Nbxd7 Nxd7 21. Qd3 g6 22. Bh6
Nxe5 23. dxe5 Bb5 24. Qe3 Bxf1 25. Bxf8 Bxf8 26. Kxf1 Ra8
27. Rd1 Rc8 28. Bd3 Qh4 29. h3 Bg7 30. Re1 Bh6 31. Qf3 Qd4
32. Bb1 Bf4 33. Qd3 Bxe5 34. Qxd4 Bxd4 35. Rd1 Bb2 36. Rd3 Kg7
37. Ke2 Rc6 38. Rb3 Be5 39. Bd3 Kf6 40. a4 Rc7 41. g3 Bd4
42. f4 Ke7 43. Kf3 f6 44. g4 e5 45. Bb1 a5 46. bxa5 Bxc5
47. Rb5 Kd6 48. f5 g5 49. Ba2 e4+ 50. Ke2 Ke5 51. Bb3 d4
52. Bc2 d3+ 53. Bxd3 exd3+ 54. Kxd3 Kf4 55. Rb3 Re7 56. Kc4
Be3 57. Kd5 Re5+ 58. Kd6 Rxa5 59. Rxb7 Ra7 0-1